[Event "SLO-chT1 East"]
[Site "Slovenia"]
[Date "2015.10.18"]
[Round "3"]
[White "Cetina, Klemen"]
[Black "Ivanec, Dezider"]
[Result "1-0"]
[WhiteElo "2173"]
[BlackElo "2132"]
[PlyCount "61"]
[EventDate "2015.10.16"]
[EventType "team-tourn"]
[EventRounds "9"]
[EventCountry "SLO"]
[SourceTitle "EXT 2019"]
[Source "ChessBase"]
[SourceDate "2018.10.10"]
[SourceVersion "1"]
[SourceVersionDate "2018.10.10"]
[SourceQuality "1"]
[WhiteTeam "Sentjur"]
[BlackTeam "Rokada Lendava"]
[WhiteTeamCountry "SLO"]
[BlackTeamCountry "SLO"]

1. e4 c5 2. Nf3 g6 3. d4 cxd4 4. Nxd4 Nc6 5. Nc3 Bg7 6. Be3 Nf6 7. Bc4 0-0 8. Bb3 a5 9. f3 d6 10. Qd2 Bd7 11. a4 Nxd4 12. Bxd4 Bc6 13. 0-0-0 Nd7 14. Bxg7 Kxg7 15. h4 h5 16. g4 Rh8 17. g5 Rf8 18. f4 Kh7 19. Rhf1 Nc5 20. f5 Nxe4 21. Nxe4 Bxe4 22. f6 e6 23. Qxd6 Qxd6 24. Rxd6 Rac8 25. Rf4 Bf5 26. Rd7 e5 27. Rxf5 gxf5 28. Bxf7 Rfd8 29. Re7 Kh8 30. g6 Rc6 31. Bb3 1-0